000 00397nam a22001697a 4500
003 OSt
005 20211001093548.0
008 211001b |||||||| |||| 00| 0 eng d
020 _a8126130121
040 _cHU
082 _a796/SHA
100 _aAnupam Sharma
_98949
245 _aCOMPLETE BOOK OF MARTIAL ARTS
260 _aNEW DELHI
_bPVT. LTD.
_c2006
300 _a252
942 _2ddc
_cBOOKS
_n0
999 _c8276
_d8276